La Resolución técnica 48 (FACPCE) "Remedición de activos" se aprobó con carácter obligatorio (Registro nro. 12367)

Detalles MARC
000 -LEADER
fixed length control field 00360 a2200109 4500
001 - CONTROL NUMBER
control field ART_46417
005 - DATE AND TIME OF LATEST TRANSACTION
control field 20260410161630.0
008 - FIXED-LENGTH DATA ELEMENTS--GENERAL INFORMATION
fixed length control field 260409a
100 1# - MAIN ENTRY--PERSONAL NAME
Personal name Petti, Ana María
245 10 - TITLE STATEMENT
Title La Resolución técnica 48 (FACPCE) "Remedición de activos" se aprobó con carácter obligatorio
773 0# - HOST ITEM ENTRY
Title Enfoques
Related parts - N°5 (mayo 2018)
Record control number REV416

No hay ítems disponibles.